Statistics for Dictators of History

Click here to take the quiz!

General Stats

  • This quiz has been taken 144 times
  • The average score is 12 of 15

Answer Stats

DictatorCountry% Correct
Napoleon BonaparteFrance
96%
Adolf HitlerGermany
96%
Julius CaeserItaly
94%
Benito MussoliniItaly
93%
Joseph StalinRussia
93%
Kim II SungNorth Korea
90%
Mao Tse TungChina
89%
Nicholas IIRussia
88%
Vlad The ImpalerRomania
84%
Muammar al-QaddafiLibya
77%
Emperor MeijiJapan
73%
Idi AminUganda
69%
Leopold IIDemocratic Republic of the Congo
58%
Than ShweMyanmar
32%
Saloth SarCambodia
17%

Score Distribution

Percentile by Number Answered

Percent of People with Each Score

Your Score History

You have not taken this quiz